000 01229cam a2200325 i 4500
001 65152
003 Mx-PuUPA
005 20210924112956.0
008 040220s2006 mx ab gr 001 0 spa d
020 _a9707704012
040 _aMx-PuUPA
_dMx-PuUPA
_cMx-PuUPA
_erda
_bspa
041 0 _aspa
100 1 _aDresser, Denise,
_eautor
_911235
_d1963-
245 1 0 _aMéxico :
_blo que todo ciudadano quisiera (no) saber de su patria /
_cDenise Dresser y Jorge Volpi ; con la colaboración de Karina Álvarez [y otros seis]
250 _aPrimera edición
264 1 _aMéxico, D.F. :
_bNuevo Siglo Aguilar,
_c2006
300 _a335 páginas :
_bilustraciones, mapas ;
_c28 cm
336 _2rdacontent
_atexto
_btxt
336 _2rdacontent
_aimagen fija
_bsti
337 _2rdamedia
_asin medio
_bn
338 _2rdacarrier
_avolumen
_bnc
651 4 _aMéxico
_xPolítica y gobierno
_xHistoria
_xHumor
651 4 _aMéxico
_xPolítica y gobierno
_y1988-2000
_xHumor
700 1 _aVolpi, Jorge,
_eautor
700 1 _aÁlvarez, Karina,
_ecolaborador
942 _2ddc
_h320.972
_iD775
_cLI
999 _c65152
_d65152